000 00487nam a2200181Ia 4500
003 GCL
008 140319s9999 xx 000 0 ara d
040 _aGCL /
_cGCL
082 0 4 _a212
_bا ت
100 1 _aاحمد الحوفى
245 1 0 _aتأملا اسلامية /
_cاحمد الحوفى
300 _a363 ص
490 _aكتاب
_v0
650 0 4 _aالاسلام
650 0 4 _aالتصوف الاسلامى
650 0 4 _aالاخلاق الاسلامية
942 _2ddc
_cBK
999 _c42663
_d42663